The Most Iconic Movie Soundtracks - Statistics

General Stats
  • This quiz has been taken 91 times
  • The average score is 5 of 14
Answer Stats
Hint Answer % Correct
My Heart Will Go On - Celine Dion Titanic
91%
You Are The One I Want - John Travolta & Olivia Newton-John Grease
90%
(I've Had) Time Of My Life - Bill Medley & Jennifer Warnes Dirty Dancing
87%
My Favourite Things - Julie Andrews Sound of Music
79%
Mrs. Robinson - Simon & Garfunkel The Graduate
59%
Girl, You’ll Be A Woman Soon - Neil Diamond Pulp Fiction
36%
Bang Bang - Nancy Sinatra Kill Bill
26%
I Have But One Heart - Al Martino The Godfather
13%
Perfect Day - Lou Reed Trainspotting
9%
In Dreams - Roy Orbison Blue Velvet
8%
Hey Jude - The Beatles Across The Universe
5%
This Must Be The Place - Talking Heads Crazy Stupid Love
3%
Always With Me - Yumi Kimura Spirited Away
3%
Dreams - Fleetwood Mac Eat Pray Love
1%
No matching quizzes found
Score Distribution
Percent of People with Each Score
Percentile by Number Answered
Your Score History
You have not taken this quiz